Guía visual para evaluación y corrección de impactos ambientales
Salvato in:
| Enti autori: | , |
|---|---|
| Natura: | Libro |
| Lingua: | spagnolo inglese |
| Pubblicazione: |
Madrid
Instituto Geominero de España
1998
|
| Soggetti: | |
| Tags: |
Aggiungi Tag
Nessun Tag, puoi essere il primo ad aggiungerne!!
|
MARC
| LEADER | 00000nam a2200000 a 4500 | ||
|---|---|---|---|
| 001 | UCO4444 | ||
| 003 | CL-VaPUC | ||
| 008 | 000804e19980000sp |||||||||||||||||spa|d | ||
| 041 | 0 | 7 | |a spa |2 CL-VaPUC |
| 041 | 0 | 7 | |a eng |2 CL-VaPUC |
| 082 | 0 | 4 | |a 363.7 |b ITG |2 21 |
| 110 | 2 | |a ITGE |e author |9 448956 | |
| 710 | 2 | |a Instituto Geominero de España |e author |9 448957 | |
| 245 | 1 | 0 | |a Guía visual para evaluación y corrección de impactos ambientales |
| 246 | 1 | 0 | |a Visual guide for assessment and correction of environmental impacts |
| 300 | |a 104 p | ||
| 942 | |c BK | ||
| 945 | |d 20000804 00:00:00 |a vberengu | ||
| 260 | |a Madrid |b Instituto Geominero de España |c 1998 | ||
| 650 | 7 | |a CALIDAD AMBIENTAL |2 CL-VaPUC |9 338241 | |
| 650 | 7 | |a CIENCIAS AMBIENTALES |2 CL-VaPUC |9 344897 | |
| 650 | 7 | |a CONTROL AMBIENTAL |2 CL-VaPUC |9 366258 | |
| 650 | 0 | |a Gestión ambiental |9 338121 | |
| 650 | 0 | |a Medio ambiente |9 257625 | |
| 650 | 7 | |a PLANIFICACION AMBIENTAL |2 CL-VaPUC |9 337987 | |
| 583 | |a last modification |c 20171114 02:39:51 |k Rodrigo Vera | ||
| 999 | |c 290485 |d 290483 | ||
| 952 | |0 0 |1 0 |4 0 |6 363_700000000000000_ITG_1998 |7 0 |8 A |9 339942 |a BIBING |b BIBING |d 2019-11-20 |i 3638545 |o 363.7 ITG 1998 |p 3638545 |r 2025-01-20 |w 2019-11-20 |y BK |k GEO | ||